Sports Quiz

Random Sports Quiz

Ultimate ea cup Quiz Stats

 Plays Quiz not verified by Sporcle

Challenge
Share
Tweet
Embed
Score 0/104 Timer 20:00
0 Plays Today
ea cup Answer % Correct
ea101Barcelona
100%
ea1Barcelona
100%
ea2Barcelona
100%
ea3Barcelona
100%
ea4Real Madrid
100%
ea5Juventus
100%
ea6Barcelona
100%
ea7Barcelona
100%
ea8Juventus
100%
ea9Chelsea
100%
ea10Barcelona
100%
ea11Barcelona
100%
ea13Barcelona
100%
ea15Barcelona
100%
ea16Chelsea
100%
ea17Chelsea
100%
ea18Barcelona
100%
ea19Barcelona
100%
ea20Internazionale Milano
100%
ea21Barcelona
100%
ea22Bayern Munchen
100%
ea23Barcelona
100%
ea24Bayern Munchen
100%
ea25Barcelona
100%
ea26Bayern Munchen
100%
ea27Bayern Munchen
100%
ea28Bayern Munchen
100%
ea30Barcelona
100%
ea32PSG
100%
ea33PSG
100%
ea35Barcelona
100%
ea36AC Milan
100%
ea37Barcelona
100%
ea38Barcelona
100%
ea39Barcelona
100%
ea cup Answer % Correct
ea40Barcelona
100%
ea41Juventus
100%
ea42Bayern Munchen
100%
ea43Barcelona
100%
ea46Barcelona
100%
ea48Chelsea
100%
ea49Barcelona
100%
ea50Barcelona
100%
ea51Barcelona
100%
ea53Bayern Munchen
100%
ea55Real Madrid
100%
ea56Barcelona
100%
ea62Chelsea
100%
ea63Chelsea
100%
ea64Barcelona
100%
ea65Barcelona
100%
ea66Real Madrid
100%
ea69Barcelona
100%
ea70AC Milan
100%
ea71Barcelona
100%
ea72Barcelona
100%
ea73Barcelona
100%
ea74Barcelona
100%
ea75Barcelona
100%
ea76Barcelona
100%
ea77Barcelona
100%
ea78Barcelona
100%
ea79Real Madrid
100%
ea80Real Madrid
100%
ea81Real Madrid
100%
ea82PSG
100%
ea83PSG
100%
ea90Barcelona
100%
ea92Chelsea
100%
ea93Bayern Munchen
100%
ea cup Answer % Correct
ea94Real Madrid
100%
ea95Bayern Munchen
100%
ea96Real Madrid
100%
ea97Bayern Munchen
100%
ea98Real Madrid
100%
ea99Barcelona
100%
ea100Barcelona
100%
ea102AC Milan
100%
ea103AC Milan
100%
ea104AC Milan
100%
ea29Ajax
92.9%
ea31Ajax
92.9%
ea34Borussia Dortmund
92.9%
ea44Schalke 04
92.9%
ea52Napoli
92.9%
ea54FC Porto
92.9%
ea57Valencia
92.9%
ea60Lyon
92.9%
ea61Benfica
92.9%
ea67Valencia
92.9%
ea84FC Porto
92.9%
ea85FC Porto
92.9%
ea87Manchester City
92.9%
ea88Benfica
92.9%
ea89Valencia
92.9%
ea12CSKA Moskva
85.7%
ea45Olympiacos
85.7%
ea47Bayer 04 Leverkusen
85.7%
ea58Shakhtar Donetsk
85.7%
ea59Shakhtar Donetsk
85.7%
ea86Zenit
85.7%
ea14Atletico De Madrid
78.6%
ea68Galatasaray
78.6%
ea91Monaco
64.3%

You're not logged in!

Compare scores with friends on all Sporcle quizzes.
OR
Log In

You Might Also Like...

Show Comments

Extras

Created Apr 5, 2014ReportNominate
Tags:champion, cup, ultimate

Top Quizzes Today


Score Distribution

Your Account Isn't Verified!

In order to create a playlist on Sporcle, you need to verify the email address you used during registration. Go to your Sporcle Settings to finish the process.

Report this User

Report this user for behavior that violates our Community Guidelines.

Details: